| 000 | 03160cam a2200781 i 4500 | ||
|---|---|---|---|
| 001 | 4061 | ||
| 003 | FISKH | ||
| 005 | 20240604154550.0 | ||
| 008 | 170717s2018 nyua j 000 1 eng d | ||
| 010 | _a 2017028900 | ||
| 020 |
_a9780545663182 _q(paper over board) |
||
| 020 |
_a0545663180 _q(paper over board) |
||
| 020 | _a9781536437928 | ||
| 020 | _a1536437921 | ||
| 035 | _a(OCoLC)ocn994220441 | ||
| 040 |
_aNJQ/DLC _beng _cZQP _erda _dDLC _dOCLCO _dOCLCF _dBDX _dYDX _dBTCTA _dOCLCQ _dJY2 _dUAP _dNPC _dOCLCO _dCZA _dTCH _dIUK _dJQM _dEHH _dIN4 _dGK8 _dKN4 _dOCLCQ _dERE _dVP@ _dDMOPL _dHLNDP _dDLC |
||
| 042 | _alccopycat | ||
| 050 | 0 | 0 | _aPZ7.A7379 |
| 082 | 0 | 4 | _a813.6 |
| 100 | 1 | _aArnold, Tedd, | |
| 245 | 1 | 0 |
_aFly Guy and the alienzz / _cTedd Arnold. |
| 250 | _aThis edition, May 2018 | ||
| 260 |
_aNew York ; _bScholastic, _c2018 |
||
| 300 |
_a30 pages : _billustrations ; _c28 cm. |
||
| 336 |
_atext _btxt _2rdacontent |
||
| 336 |
_astill image _bsti _2rdacontent |
||
| 337 |
_aunmediated _bn _2rdamedia |
||
| 338 |
_avolume _bnc _2rdacarrier |
||
| 490 | 1 | _aFly Guy | |
| 500 | _aNew York times bestselling series | ||
| 520 | _aBuzz is filming a movie about aliens from Outer Space, who capture Fly Guy and Buzz Boy--and our two heroes must outsmart the aliens, with some help from Dragon Dude and Fly Girl. | ||
| 521 | 8 |
_a530
_bLexile |
|
| 521 | 8 |
_aK
_bRaz-Plus |
|
| 650 | 0 |
_aFlies _vJuvenile fiction. |
|
| 650 | 0 |
_aExtraterrestrial beings _vJuvenile fiction. |
|
| 650 | 0 |
_aMotion pictures _vJuvenile fiction. |
|
| 650 | 0 |
_aImagination _vJuvenile fiction. |
|
| 650 | 1 |
_aFlies _vFiction. |
|
| 650 | 1 |
_aExtraterrestrial beings _vFiction. |
|
| 650 | 1 |
_aMotion pictures _xProduction and direction _vFiction. |
|
| 650 | 1 |
_aImagination _vFiction. |
|
| 650 | 1 | _aHumorous stories. | |
| 650 | 4 | _aJUVENILE FICTION / Animals / Insects, Spiders, etc. | |
| 650 | 4 | _aJUVENILE FICTION / Humorous Stories. | |
| 650 | 4 | _aJUVENILE FICTION / Paranormal, Occult & Supernatural. | |
| 650 | 7 |
_aJUVENILE FICTION / Animals / Insects, Spiders, etc. _2bisacsh |
|
| 650 | 7 |
_aJUVENILE FICTION / Humorous Stories. _2bisacsh |
|
| 650 | 7 |
_aJUVENILE FICTION / Paranormal, Occult & Supernatural. _2bisacsh |
|
| 650 | 7 |
_aExtraterrestrial beings. _2fast _0(OCoLC)fst01742248 |
|
| 650 | 7 |
_aFlies. _2fast _0(OCoLC)fst00927282 |
|
| 650 | 7 |
_aHumorous stories. _2fast _0(OCoLC)fst00963818 |
|
| 650 | 7 |
_aImagination. _2fast _0(OCoLC)fst00967585 |
|
| 650 | 7 |
_aMotion pictures. _2fast _0(OCoLC)fst01027285 |
|
| 650 | 7 |
_aFlies _vFiction. _2sears |
|
| 650 | 7 |
_aMotion pictures _xProduction and direction _vFiction. _2sears |
|
| 650 | 7 |
_aImagination _vFiction. _2sears |
|
| 650 | 7 |
_aAliens (Fictional characters) _vFiction. _2sears |
|
| 655 | 7 |
_aFiction. _2fast _0(OCoLC)fst01423787 |
|
| 655 | 7 |
_aHumorous fiction. _2fast _0(OCoLC)fst01726649 |
|
| 655 | 7 |
_aJuvenile works. _2fast _0(OCoLC)fst01411637 |
|
| 655 | 7 |
_aPicture books. _2fast _0(OCoLC)fst01726789 |
|
| 655 | 7 |
_aHumorous stories. _2gsafd |
|
| 655 | 7 |
_aHumorous fiction. _2lcgft |
|
| 655 | 7 |
_aPicture books. _2lcgft |
|
| 906 |
_a7 _bcbc _ccopycat _d2 _eepcn _f20 _gy-gencatlg |
||
| 942 |
_2ddc _cBK _n0 |
||
| 999 |
_c4061 _d4061 |
||